| 000 | 00880nam a22002055i 4500 | ||
|---|---|---|---|
| 001 | 158067 | ||
| 003 | ES-MaACL | ||
| 005 | 20250907063120.0 | ||
| 008 | 990701s1861 sp |||| | spa d | ||
| 080 | _a598.2(460.35) | ||
| 100 | 1 |
_aLópez Seoane, Víctor, _d1834-1900 _9129059 |
|
| 245 | 1 | 0 |
_aCatálogo de las aves observadas en Andalucía / _cpor Víctor López Seoane y Pardo Montenegro. |
| 260 |
_aMadrid : _bImp. y Librería de Don Eusebio Aguado, _c1861. |
||
| 300 |
_a62 p. ; _c21 cm. |
||
| 530 | _aDisponible en formato digital. | ||
| 650 | 4 |
_aAves- _zAndalucía. _9150807 |
|
| 852 |
_aES-MaACL _jT-81-F-21 _z- Enc. hol., falto de cub. original _z- Enc. en un vol. facticio _z- Dedicatoria autógrafa del autor |
||
| 856 | 4 |
_uhttp://biblioteca.galiciana.gal/es/consulta/registro.do?id=4810 _zBiblioteca Dixital de Galicia |
|
| 999 |
_c158067 _d158067 |
||